| LEADER 00000nam 2200000uu 4500 |
| 001 209634 |
| 003 ULIBM |
| 008 140410s2556||||th 000 0 tha d |
| 020 ^a9786162431296
|
| 041 0 ^atha^beng
|
| 060 4 ^aWD210 ส966ส 2556
|
| 100 0 ^aแสตรนด์ เรย์ ดี.
|
| 245 10 ^aสุดยอดวิธีลดความอ้วนโดยใช้อาหารบำบัด =^bHealthy for life/^cโดย เรย์ ดี แสตรนด์ ;แปลโดย พรหมพัฒณ ธรรมะรัตน์จินดา.
|
| 250 ^aพิมพ์ครั้งแรก
|
| 260 ^aกรุงเทพฯ : ^bอนิเมทกรุ๊ป จำกัด,^c2556.
|
| 300 ^a336 หน้า ;^bภาพประกอบ.
|
| 650 4 ^aการลดความอ้วน
|
| 650 4 ^aการลดความอ้วน ^xแง่โภชนาการ
|
| 650 4 ^aโภชนบำบัด
|
| 700 0 ^aพรหมพัฒณ ธรรมะรัตน์จินดา,^eผู้แปล.
|
| 999 ^aใช้งานได้ทุกระบบ
|